[Event "Trelew op"]
[Site "Trelew"]
[Date "2019.08.18"]
[Round "4"]
[White "Feo, Diego"]
[Black "Draguicevich, Carla"]
[Result "1-0"]
[WhiteElo "1820"]
[BlackElo "1601"]
[PlyCount "129"]
[EventDate "2019.08.16"]
[EventType "swiss"]
[EventRounds "7"]
[EventCountry "ARG"]
[SourceTitle "EXT 2020"]
[Source "ChessBase"]
[SourceDate "2019.10.17"]
[SourceVersion "1"]
[SourceVersionDate "2019.10.17"]
[SourceQuality "1"]

1. e4 e6 2. d4 d5 3. Nc3 Nf6 4. Bg5 Bb4 5. e5 h6 6. Bd2 Bxc3 7. Bxc3 Ne4 8. Nf3 0-0 9. Bd3 c5 10. Bxe4 dxe4 11. Nd2 cxd4 12. Bb4 e3 13. Nf3 exf2+ 14. Kxf2 Re8 15. Qxd4 Nc6 16. Qxd8 Rxd8 17. Bd6 f6 18. Rad1 fxe5 19. Bxe5 Rf8 20. Bd6 Rf7 21. Rhe1 Rf6 22. Kg1 b6 23. Be5 Rf8 24. Bc3 Rd8 25. Ne5 Rxd1 26. Rxd1 Bb7 27. Rd7 Bc8 28. Rc7 Nxe5 29. Bxe5 Ba6 30. Rxg7+ Kf8 31. Rd7 Rc8 32. Rxa7 Be2 33. c3 h5 34. Kf2 Bd3 35. a4 Rc4 36. Bd4 e5 37. Bxe5 Re4 38. Bg7+ Kg8 39. b4 Bc4 40. Bd4 b5 41. axb5 Bxb5 42. Rg7+ Kf8 43. Rg5 Be2 44. b5 Bd1 45. b6 h4 46. b7 Re2+ 47. Kf1 Rb2 48. Rg7 Be2+ 49. Kf2 Ba6+ 50. Ke3 Bxb7 51. Rh7 Bxg2 52. Rxh4 Bc6 53. Rh8+ Kf7 54. h4 Bd7 55. Be5 Rb5 56. Ke4 Rc5 57. h5 Rc8 58. Rxc8 Bxc8 59. h6 Kg6 60. Bg7 Be6 61. Ke5 Bg8 62. Kd4 Kf7 63. c4 Ke7 64. c5 Kd7 65. Ke5 1-0

[Event "ARG-ch U16 Girls"]
[Site "Villa Martelli"]
[Date "2018.02.11"]
[Round "5.3"]
[White "Aimale, Maria Pia"]
[Black "Draguicevich, Carla"]
[Result "1-0"]
[WhiteElo "1437"]
[BlackElo "1561"]
[PlyCount "67"]
[EventDate "2018.02.09"]
[EventType "swiss"]
[EventRounds "9"]
[EventCountry "ARG"]
[SourceTitle "EXT 2024"]
[Source "ChessBase"]
[SourceDate "2023.10.10"]
[SourceVersion "1"]
[SourceVersionDate "2023.10.10"]
[SourceQuality "1"]

1. d4 Nf6 2. Nf3 g6 3. Bf4 Bg7 4. e3 0-0 5. c3 d6 6. Nbd2 a6 7. Be2 Nfd7 8. 0-0 e5 9. Bg5 Qe8 10. Ne1 h6 11. Bh4 f5 12. f4 exd4 13. exd4 Nb6 14. Nc2 Nd5 15. Re1 Be6 16. Bc4 c6 17. Nb4 Qd7 18. Qf3 Nc7 19. d5 Bf7 20. Re7 Qc8 21. dxc6 b5 22. Bb3 Bxb3 23. Nxb3 Kh8 24. Na5 Bf6 25. Bxf6+ Rxf6 26. Rae1 Re6 27. R1xe6 Nxe6 28. Qe3 Ng7 29. Qd4 Qf8 30. Nd5 Nxc6 31. Nxc6 Rc8 32. Rc7 Re8 33. Nce7 Kh7 34. Nf6+ 1-0

[Event "South-America-chT U14 22th"]
[Site "Medellin"]
[Date "2016.12.13"]
[Round "1.4"]
[White "Kaslan, Catherine"]
[Black "Draguicevich, Carla"]
[Result "1-0"]
[WhiteElo "1702"]
[BlackElo "1617"]
[PlyCount "77"]
[EventDate "2016.12.12"]
[EventType "team-tourn"]
[EventRounds "9"]
[EventCountry "COL"]
[SourceTitle "EXT 2024"]
[Source "ChessBase"]
[SourceDate "2023.10.10"]
[SourceVersion "1"]
[SourceVersionDate "2023.10.10"]
[SourceQuality "1"]
[WhiteTeam "Surinam"]
[BlackTeam "Argentina"]
[WhiteTeamCountry "SUR"]
[BlackTeamCountry "ARG"]

1. e4 e5 2. Nf3 Nc6 3. d4 exd4 4. Nxd4 Bc5 5. Be3 Qf6 6. c3 Nge7 7. g3 d5 8. Bg2 dxe4 9. Nd2 Bxd4 10. cxd4 Bf5 11. Nxe4 Bxe4 12. Bxe4 0-0 13. 0-0 Rfd8 14. Qh5 h6 15. Rfd1 Nxd4 16. Bxb7 Rab8 17. Be4 Rb5 18. Bxd4 Rxh5 19. Bxf6 Rxd1+ 20. Rxd1 gxf6 21. Rd7 Re5 22. Bf3 Nf5 23. Rxc7 Re7 24. Rxe7 Nxe7 25. Kf1 Kf8 26. Ke2 Nc8 27. Kd3 Ke7 28. Bg4 Nd6 29. b4 Kd8 30. a4 Kc7 31. Kd4 a6 32. Kd5 Nb7 33. Be2 a5 34. bxa5 Nxa5 35. Bh5 Nc6 36. Bxf7 Kd7 37. Be8+ Kxe8 38. Kxc6 Kd8 39. Kb7 1-0